Geelong Cats 2023 AFL Playing List - Statistics

General Stats
  • This quiz has been taken 115 times
    90 since last reset
  • The average score is 24 of 44
Answer Stats
Jumper # Player Name % Correct
35 Patrick Dangerfield
91%
5 Jeremy Cameron
89%
1 Rhys Stanley
89%
26 Tom Hawkins
86%
44 Tom Stewart
86%
3 Brandan Parfitt
80%
46 Mark Blicavs
80%
30 Tom Atkins
78%
32 Gryan Miers
77%
22 Mitch Duncan
77%
18 Tyson Stengle
77%
45 Brad Close
75%
4 Tanner Bruhn
75%
29 Cameron Guthrie
73%
7 Isaac Smith
73%
23 Gary Rohan
72%
39 Zach Guthrie
72%
9 Max Holmes
70%
2 Zach Tuohy
70%
38 Jack Henry
69%
36 Oliver Henry
67%
42 Mark O'Connor
64%
24 Jed Bews
61%
16 Sam De Koning
59%
12 Jack Bowes
53%
8 Jake Kolodjashnij
53%
28 Oliver Dempsey
44%
10 Mitch Knevitt
42%
17 Esava Ratugolea
41%
34 Oisín Mullin
41%
33 Shannon Neale
38%
13 Jhye Clarke
34%
6 Toby Conway
33%
15 Jonathon Ceglar
30%
27 Sam Menegola
28%
37 Sam Simpson
25%
11 Cooper Whyte
17%
20 James Willis
17%
21 Osca Riccardi
14%
19 Phoenix Foster
14%
41 Mitch Hardie *
13%
31 Oscar Murdoch
13%
25 Flynn Kroeger
9%
40 Ted Clohsey
8%
No matching quizzes found
Score Distribution
Percent of People with Each Score
Percentile by Number Answered
Your Score History
You have not taken this quiz since the last reset